[Event "CZE-ch"]
[Site "Zlin"]
[Date "2021.09.25"]
[Round "8"]
[White "Petr, Martin"]
[Black "Polak, Tomas"]
[Result "0-1"]
[WhiteElo "2508"]
[BlackElo "2545"]
[PlyCount "98"]
[EventDate "2021.09.18"]
[EventType "tourn"]
[EventRounds "9"]
[EventCountry "CZE"]
[EventCategory "12"]
[SourceTitle "CBM 204 Extra"]
[Source "ChessBase"]
[SourceDate "2021.11.30"]
[SourceVersion "1"]
[SourceVersionDate "2021.11.30"]
[SourceQuality "1"]

1. e4 c5 2. Nf3 e6 3. d4 cxd4 4. Nxd4 a6 5. Nc3 Qc7 6. Be2 b5 7. a3 Bb7 8. f4 Nf6 9. Bf3 d6 10. 0-0 Nbd7 11. Kh1 Be7 12. Qe1 h5 13. Be3 Ng4 14. Bg1 g5 15. f5 Rh6 16. fxe6 fxe6 17. a4 b4 18. Nd1 Nc5 19. Qxb4 Nxe4 20. Qe1 d5 21. Ne3 Ne5 22. Bxe4 dxe4 23. Rd1 0-0-0 24. Nb3 Rxd1 25. Qxd1 g4 26. Qd2 Rh8 27. Qa5 Rd8 28. Qxc7+ Kxc7 29. Na5 Bd5 30. Bf2 h4 31. Kg1 Bg5 32. Re1 Be7 33. Rd1 Rd7 34. b3 Kc8 35. Kf1 Bd8 36. Be1 Bb6 37. Ke2 h3 38. gxh3 Nf3 39. Nac4 Bxc4+ 40. bxc4 Ng1+ 41. Kf1 Bxe3 42. Rxd7 Kxd7 43. hxg4 Nf3 44. h3 Nxe1 45. Kxe1 Bg5 46. Kf2 Kd6 47. Kg3 e5 48. h4 Bf4+ 49. Kf2 Kc5 0-1

[Event "CZE-ch"]
[Site "Zlin"]
[Date "2021.09.21"]
[Round "4"]
[White "Zilka, Stepan"]
[Black "Petr, Martin"]
[Result "1-0"]
[WhiteElo "2570"]
[BlackElo "2508"]
[PlyCount "83"]
[EventDate "2021.09.18"]
[EventType "tourn"]
[EventRounds "9"]
[EventCountry "CZE"]
[EventCategory "12"]
[SourceTitle "CBM 204 Extra"]
[Source "ChessBase"]
[SourceDate "2021.11.30"]
[SourceVersion "1"]
[SourceVersionDate "2021.11.30"]
[SourceQuality "1"]

1. e4 e6 2. d4 d5 3. Nc3 Bb4 4. e5 c5 5. a3 Bxc3+ 6. bxc3 Ne7 7. h4 Qc7 8. h5 h6 9. Rb1 b6 10. Qg4 cxd4 11. Qxg7 Rg8 12. Qxh6 Qxe5+ 13. Ne2 dxc3 14. Bf4 Qf5 15. Nxc3 e5 16. Bg3 Be6 17. Bd3 e4 18. Nb5 Kd7 19. Nd4 Qg5 20. Bb5+ Nbc6 21. Qxg5 Rxg5 22. h6 Rh8 23. Ba4 Rh7 24. Rb3 Rg8 25. Rc3 Rc8 26. Be5 a6 27. Bxc6+ Nxc6 28. Rxc6 Rxc6 29. Nxc6 Kxc6 30. Kd2 Kd7 31. Ke3 Ke7 32. Bg7 f6 33. Kd4 Kf7 34. Rb1 b5 35. a4 bxa4 36. Rb7+ Kg6 37. Rb6 Bc8 38. Rxf6+ Kh5 39. Rc6 Bb7 40. Rc7 a3 41. Rc3 a2 42. Ra3 1-0

[Event "Prague Summer op-A 8th"]
[Site "Prague"]
[Date "2021.08.13"]
[Round "9"]
[White "Hrabusa, Matej"]
[Black "Petr, Martin"]
[Result "1/2-1/2"]
[WhiteElo "2350"]
[BlackElo "2503"]
[PlyCount "39"]
[EventDate "2021.08.06"]
[EventType "swiss"]
[EventRounds "9"]
[EventCountry "CZE"]
[SourceTitle "CBM 203 Extra"]
[Source "ChessBase"]
[SourceDate "2021.09.30"]
[SourceVersion "1"]
[SourceVersionDate "2021.09.30"]
[SourceQuality "1"]

1. d4 d5 2. Bf4 Nf6 3. e3 e6 4. Nd2 Bd6 5. Bg3 0-0 6. Ngf3 c5 7. c3 Qc7 8. dxc5 Qxc5 9. Bd3 Nbd7 10. e4 e5 11. 0-0 dxe4 12. Bxe4 Bc7 13. Bc2 h6 14. Re1 Re8 15. h3 Rb8 16. Rc1 b5 17. b4 Qf8 18. a4 a6 19. axb5 axb5 20. Ne4 1/2-1/2